000 00591nam a22002057a 4500
003 OSt
005 20150116135522.0
008 150116b xxu||||| |||| 00| 0 eng d
020 _a0070525374
040 _cDNLM
082 _aWB 18 H245 1998
100 _aStone Richard M.
_92453
245 _aHarrison's principles of intenal medicine /
_cRichard M. Stone
250 _a14th ed.
260 _aNew York :
_bMcGraw-Hill;
_c1998
300 _aix, 363 p ;
_bcol.ill
_c29 cm
504 _aIncludes bibliographical references and Appendix
650 _aInternal medicine
_9849
942 _2z
_cSLOAN
999 _c913
_d913